Normal view MARC view

Entry Término temático

Number of records used in: 1

001 - NÚMERO DE CONTROL

  • campo de control: 89427

003 - IDENTIFICADOR DE NÚMERO DE CONTROL

  • campo de control: OSt

005 - FECHA Y HORA DE LA ÚLTIMA TRANSACCIÓN

  • campo de control: 20241029144701.0

008 - ELEMENTOS DE DATO DE LONGITUD-FIJA

  • campo de control de longitud fija: 241029|| aca||aabn | a|a d

040 ## - FUENTE DE CATALOGACIÓN

  • Centro catalogador/agencia de origen: OSt
  • Centro/agencia transcriptor: OSt

150 ## - ENCABEZAMIENTO--TÉRMINO DE MATERIA

  • Término de materia o nombre geográfico como elemento de entrada: Vias Romanas-
  • Subdivisión geográfica: Francia-
  • Subdivisión de forma: Mapas

670 ## - FUENTE DE DATOS ENCONTRADOS

  • Cita de la fuente: Work cat.: (OSt)31878: CARTE DES VOIES ROMAINES de la GAULE BELGIQUE et de leurs raccordements avec les pays voisins d'après LES STATIONS INDIQUÉES dans L'ITINERAIRE D'ANTONIN et sur la CARTE DE PEUTINGER / , [ca. 1860]

Powered by Koha